000 00764nam a2200205Ii 4500
003 JO-AjNU
008 230606s9999||||xx |||||||||||||| ||und||
020 _a9957-412-03-5
040 _aJO-AjNU
_beng
_erda
_cJO-AjNU
041 _aeng
050 1 4 _aDS35.2.C665 2002
100 3 _a Ergin , Mehmed/Al-Zou'bi , Moneef R Editor /Doruk , Muslafa Editor ,
_eauthor
_93685
245 0 0 _a Information Technology for Development in the Islamic World held in Tunis , Tunisia , 20-24 November , 2000
264 3 1 _aAmman: Islamic Development Bank, 2002
300 _a485 p
336 _atext
_btxt
_2rdacontent
337 _aunmediated
_bn
_2rdamedia
338 _avolume
_bnc
_2rdacarrier
650 4 _a Information technology -- Islamic countries -- Congresses 
_93686
999 _aE1922
_c1922
_d1922